000 01994nam0a22002771 4500
001 rc\3602437
005 20260408151120.0
035 _a(NLR Aleph) 007708107
090 _a6820448
_c6820448
100 _a20130115d1969 u y0rusy50 ca
101 0 _arus
102 _aRU
105 _ay z |||||
200 1 _aТезисы докладов Республиканской конференции "Перспективы развития курортов Южного экономического района СССР и сферы их обслуживания"
_fПлан. комис. Южн. экон. района СССР. Совет по изучению производит. сил УССР. АН УССР. Респ. совет по управлению курортами профсоюзов. Упр. санаториями М-ва здрав. УССР. Одес. науч.-исслед. ин-т курортологии. Науч.-исслед. ин-т физ. методов лечения и мед. климатологии им. И.М. Сеченова
210 _aКиев
_cСОПС
_d1969
215 _a45 с.
_d20
309 _aОтпеч. множит. аппаратом
333 _aДля служебного пользования. Экз. № 000004
532 1 3 _aТезисы докладов Республиканской конференции Перспективы развития курортов Южного экономического района СССР и сферы их обслуживания
710 1 2 _a"Перспективы развития курортов Южного экономического района СССР и сферы их обслуживания", украинская республиканская конференция
_f1969
_eКиев
_3RU\NLR\AUTH\880638694
_92697050
801 0 _aRU
_bNLR
_gpsbo
801 1 _aRU
_bELAR
_2rusmarc
852 _aNLR
_j50К/22325
942 _cUNSPEC
980 _aNB